Aluminium Materials and Technologies from A to Z

Salvato in:
Dettagli Bibliografici
Natura: Libro
Lingua:inglese
Pubblicazione: Prešov : Adin, 2007
Soggetti:
Accesso online:OBSAH
Tags: Aggiungi Tag
Nessun Tag, puoi essere il primo ad aggiungerne!!

MARC

LEADER 00000nam a22000003a 4500
001 stu144684
005 20150408163452.5
008 070904s2007----xo------------------eng-d
020 |a 978-80-89244-18-8 
040 |a STU  |b slo 
041 0 |a eng 
044 |a xo 
080 |a 546.62 
080 |a 669.71 
245 |a Aluminium Materials and Technologies from A to Z 
260 |a Prešov :  |b Adin,  |c 2007 
300 |a 613 s 
650 7 |a hliník  |2 stusub 
856 4 |a https://sweb.mtf.stuba.sk/obsahy/aluminium_materials_and_technologies_from_a_to_z_07  |u https://sweb.mtf.stuba.sk/obsahy/aluminium_materials_and_technologies_from_a_to_z_07  |3 OBSAH 
996 |b 284M076945  |c M*12169-1  |l MMKN  |s A  |a 24  |w stu144684_0001 
996 |b 284M076946  |c M*12169-2  |l MMKN  |s A  |a 24  |w stu144684_0002 
996 |b 284J038444  |c J*113563  |l JJST  |s P  |a 0  |w stu144684_0003 
996 |b 284M076948  |c M*12169-4  |l MMKN  |s A  |a 24  |w stu144684_0004 
996 |b 284M076947  |c M*12169-3  |l MMKN  |s A  |a 24  |w stu144684_0005